Microwave electronic devices (Record no. 71601)

000 -LEADER
fixed length control field 00673nam a22001937a 4500
003 - CONTROL NUMBER IDENTIFIER
control field NUST - PNEC
005 - DATE AND TIME OF LATEST TRANSACTION
control field 20170116181205.0
008 - FIXED-LENGTH DATA ELEMENTS--GENERAL INFORMATION
fixed length control field 160302b xxu||||| |||| 00| 0 eng d
020 ## - INTERNATIONAL STANDARD BOOK NUMBER
International Standard Book Number 0412482002
040 ## - CATALOGING SOURCE
Transcribing agency LIBRARY
082 ## - DEWEY DECIMAL CLASSIFICATION NUMBER
Classification number 621.3813 ROE
100 ## - MAIN ENTRY--PERSONAL NAME
9 (RLIN) 16683
Personal name Roer, Theo G. van de
245 ## - TITLE STATEMENT
Title Microwave electronic devices
Statement of responsibility, etc. Theo G. van de Roer
260 ## - PUBLICATION, DISTRIBUTION, ETC.
Place of publication, distribution, etc. London
Name of publisher, distributor, etc. Chapman & Hall
Date of publication, distribution, etc. c.1994
300 ## - PHYSICAL DESCRIPTION
Extent 340 p. :
650 ## - SUBJECT ADDED ENTRY--TOPICAL TERM
9 (RLIN) 16684
Topical term or geographic name entry element Microwave devices
General subdivision EE / EL
856 ## - ELECTRONIC LOCATION AND ACCESS
Uniform Resource Identifier <a href="http://www.amazon.com/Microwave-Electronic-Devices-Techniques-Applications/dp/0412482002/ref=sr_1_1?s=books&ie=UTF8&qid=1456893946&sr=1-1&keywords=0412482002">http://www.amazon.com/Microwave-Electronic-Devices-Techniques-Applications/dp/0412482002/ref=sr_1_1?s=books&ie=UTF8&qid=1456893946&sr=1-1&keywords=0412482002</a>
942 ## - ADDED ENTRY ELEMENTS (KOHA)
Source of classification or shelving scheme
Koha item type Book
Holdings
Withdrawn status Lost status Source of classification or shelving scheme Damaged status Not for loan Permanent Location Current Location Shelving location Date acquired Source of acquisition Cost, normal purchase price Total Checkouts Full call number Barcode Date last seen Cost, replacement price Price effective from Koha item type
          Pakistan Navy Engineering College (PNEC) Pakistan Navy Engineering College (PNEC)     Donated 0.00   621.3813 ROE PNECLIB-032728 03/02/2016 0.00   Book
© 2023 Central Library, National University of Sciences and Technology. All Rights Reserved.